Network analysis and synthesis / (Record no. 183717)
[ view plain ]
| 000 -LEADER | |
|---|---|
| fixed length control field | 01163 a2200217 4500 |
| 003 - CONTROL NUMBER IDENTIFIER | |
| control field | Nust |
| 005 - DATE AND TIME OF LATEST TRANSACTION | |
| control field | 20221223114628.0 |
| 010 ## - LIBRARY OF CONGRESS CONTROL NUMBER | |
| LC control number | 66016127 |
| 020 ## - INTERNATIONAL STANDARD BOOK NUMBER | |
| International Standard Book Number | 9971512351 |
| 040 ## - CATALOGING SOURCE | |
| Transcribing agency | Nust |
| 082 ## - DEWEY DECIMAL CLASSIFICATION NUMBER | |
| Classification number | 621.3851,KUO |
| 100 ## - MAIN ENTRY--PERSONAL NAME | |
| Personal name | Kuo, Franklin F. |
| 245 ## - TITLE STATEMENT | |
| Title | Network analysis and synthesis / |
| Statement of responsibility, etc. | Franklin F. Kuo |
| 250 ## - EDITION STATEMENT | |
| Edition statement | 2nd ed |
| 260 ## - PUBLICATION, DISTRIBUTION, ETC. | |
| Place of publication, distribution, etc. | Wiley |
| Name of publisher, distributor, etc. | New York |
| Date of publication, distribution, etc. | 1966 |
| 300 ## - PHYSICAL DESCRIPTION | |
| Extent | xvii, 515p |
| Other physical details | illus |
| Dimensions | 24cm |
| 505 ## - FORMATTED CONTENTS NOTE | |
| Formatted contents note | Signal and Systems (Page-1), Signals and Waveforms (Page-20), The Frequency Domain: Fourier Analysis (Page-46), Differential Equations (Page-75),Network s Analysis: 1 (Page-100), The Laplace Transform (Page-134),Transform Method in Network Analysis (Page-175), Amplitude, Phase and Delay (Page-212), Network Analysis: 2 (Page-253), Elements of Realizability Theory (Page-290), Synthesis of One Port Networks with Two Kinds of Elements (Page-315), Elements of Transfer Functions Synthesis (Page-341), Topics in Filter Design (Page-365), The Scattering Matrix (Page-413), Computer Techniques in Circuit Analysis (Page-438). |
| 600 ## - SUBJECT ADDED ENTRY--PERSONAL NAME | |
| Personal name | Kuo, Franklin F. |
| 9 (RLIN) | 105750 |
| 650 ## - SUBJECT ADDED ENTRY--TOPICAL TERM | |
| Topical term or geographic name entry element | Network analysis and synthesis |
| 9 (RLIN) | 102335 |
| 942 ## - ADDED ENTRY ELEMENTS (KOHA) | |
| Source of classification or shelving scheme | |
| Koha item type | Book |
| Withdrawn status | Lost status | Source of classification or shelving scheme | Damaged status | Not for loan | Permanent Location | Current Location | Shelving location | Date acquired | Full call number | Barcode | Date last seen | Price effective from | Koha item type | Public note |
|---|---|---|---|---|---|---|---|---|---|---|---|---|---|---|
| Military College of Signals (MCS) | Military College of Signals (MCS) | General Stacks | 12/12/2016 | 621.3851,KUO | MCS27632 | 12/08/2016 | 12/12/2016 | Book | Almirah No.39, Shelf No.4 | |||||
| Military College of Signals (MCS) | Military College of Signals (MCS) | General Stacks | 12/12/2016 | 621.3851,KUO | MCS5550 | 12/08/2016 | 12/12/2016 | Book | Almirah No.39, Shelf No.4 |
